The edge of glory a biography of General William S. Rosecrans U.S.A

Saved in:
Bibliographic Details
Main Author: LAMERS, William Mathias
Format: Book
Language:English
Published: Harcourt, Brace and World 1961
Tags: Add Tag
No Tags, Be the first to tag this record!

MARC

LEADER 00000nam a22000007a 4500
008 210121b ||||| |||| 00| 0 eng d
100 |a LAMERS, William Mathias 
245 |a The edge of glory  |b a biography of General William S. Rosecrans U.S.A 
260 |b Harcourt, Brace and World  |c 1961  |h New York  |i 24639  |l E467.1 .R7.L18  |m Rosecrans, William Starke 
942 |a lcc  |c BK  |e O.A.JOHNSON 
952 |0 0  |1 0  |2 lcc  |4 0  |6 E04671 R7 L18  |7 0  |9 1359  |a HOL  |b HOL  |d 2021-01-21  |l 0  |o E467.1 .R7.L18  |p 2021-0164  |r 2021-01-21 00:00:00  |w 2021-01-21  |y BK 
999 |c 705  |d 705